000 00475nmm a2200157Ia 4500
008 251105s9999||||xx |||||||||||||||||und||
020 _a9580610347
041 _aspa
100 _aAranguren Molina, Mauricio
245 0 _aNuestros grandes : Los diez colombianos más famosos en el mundo
264 _a[Bogotá, Colombia] :
_bOveja Negra,
_c2003
300 _a255 páginas
650 _aBiography
856 _uhttps://public.digitaliapublishing.com/a/30129
942 _cCF
999 _c74401
_d74401